000 00645nam a2200289Ia 4500
005 20260324141056.0
008 008 260324s9999 xx 000 0 eng d
020 _a9781315059532
037 _aEBOOK
040 _aCRL
040 _beng
040 _cCRL
041 _2eng
041 _aeng
084 _qCRL
100 _aDaniel Bond
_91206832
245 0 _aStage Management
245 2 _bA Gentle Art
260 _bTaylor and Francis
260 _c1997
365 _a
365 _b230
856 _uhttp://www.taylorfrancis.com/books/9781315059532
942 _cEBOOK
999 _c1809532
_d1809532